| 000 | 00581nam a22001817a 4500 | ||
|---|---|---|---|
| 005 | 20251108173316.0 | ||
| 008 | 250721s2006 xx 000 0 ara d | ||
| 020 | _a9957180959 | ||
| 082 | 1 | 4 | _a956/شيخ |
| 100 | 1 | _aأبو شيخه، فايز موسى | |
| 245 | 1 | 0 | _aيا ولدي إرفع رأسك فأنت عربي مسلم / |
| 264 | 1 |
_aعمان : _bدار المناهج للنشر و التوزيع، _c2006. |
|
| 300 | _a172ص. | ||
| 650 | 1 | 7 | _aالحضارة الإسلامية |
| 650 | 1 | 7 | _aالثقافة الإسلامية |
| 942 |
_2ddc _cBK |
||
| 999 |
_c100920 _d100920 |
||